| 000 | 00965nam a2200265 i 4500 | ||
|---|---|---|---|
| 001 | 000048370 | ||
| 003 | DO-SdBNP | ||
| 005 | 20250131143102.0 | ||
| 007 | ta | ||
| 008 | 190213s2016 dr r 000 0 spa d | ||
| 020 | _a9789945500011 | ||
| 040 |
_aDO-SdBNP _bspa _cBNPHU _erda |
||
| 082 |
_axxxx _bC434f _222 |
||
| 100 | 1 |
_aChahín, Plinio, _d1959- _924881 _eautor _4aut. |
|
| 245 | 1 | 0 |
_aFantasmas de otros : _bminificción / _cPlinio Chahín. |
| 264 | 4 |
_aSanto Domingo : _bEdiciones Ferilibro, _c©2016. |
|
| 300 |
_a47 páginas _c21 cm. |
||
| 336 |
_atexto _btxt _2rdacontent |
||
| 337 |
_asin mediación _bn _2rdamedia |
||
| 338 |
_avolumen _bnc _2rdacarrier |
||
| 500 | _aIncluye datos biográficos del autor en la contracubierta. | ||
| 500 | _aObra seleccionada dentro de la convocatoria abierta para publicaciones con motivo de la XII Feria Regional del Libro Hato Mayor 2016, República Dominicana. | ||
| 590 | _aInventariado, 2019 / DG | ||
| 942 |
_2ddc _cLBS1 |
||
| 999 |
_c47858 _d47858 |
||